000 00457nam a2200181Ia 4500
008 151202s9999||||xx |||||||||||||| ||und||
082 _bPNVM-11022
100 _aED. NATIONAL GEO. MAG.
245 _aNATIONAL GEO. MAG. 1954.
260 _b---
260 _c0
300 _a97
600 _aED. NATIONAL GEO. MAG.
630 _aNATIONAL GEO. MAG. 1954.
700 _aED. NATIONAL GEO. MAG.
730 _aNATIONAL GEO. MAG. 1954.
942 _cBOOK
999 _c1277009
_d1277006